| Tag |
First Indicator |
Second Indicator |
Subfields |
| LEADER |
00000pam a2200000 a 4500 |
| 001 |
in00000574321 |
| 005 |
20151014061722.0 |
| 008 |
830719s1983 ilua j 00110 eng |
| 010 |
|
|
|a 83015010
|
| 020 |
|
|
|a 0516016938
|
| 035 |
|
|
|a (OCoLC)09785898
|
| 035 |
|
|
|9 ACN0321AM
|
| 039 |
0 |
|
|a 2
|b 3
|c 3
|d 3
|e 3
|
| 040 |
|
|
|a DLC
|c DLC
|d TXA
|d UtOrBLW
|
| 049 |
|
|
|a [Curr Col] TXAM
|c [A08506942]
|
| 050 |
0 |
0 |
|a S519
|b .F7 1983
|
| 082 |
0 |
|
|a 630
|2 19
|
| 100 |
1 |
|
|a Fradin, Dennis B.
|
| 245 |
1 |
0 |
|a Farming /
|c by Dennis B. Fradin.
|
| 264 |
|
1 |
|a Chicago :
|b Childrens Press,
|c [1983]
|
| 264 |
|
4 |
|c ©1983
|
| 300 |
|
|
|a 45 pages :
|b color illustrations ;
|c 22 cm.
|
| 336 |
|
|
|a text
|b txt
|2 rdacontent
|
| 337 |
|
|
|a unmediated
|b n
|2 rdamedia
|
| 338 |
|
|
|a volume
|b nc
|2 rdacarrier
|
| 490 |
0 |
|
|a A New true book
|
| 500 |
|
|
|a Includes index.
|
| 520 |
|
|
|a A primary level introduction to farming--its history, kinds of farms, methods and machinery, and what farmers do.
|
| 650 |
|
0 |
|a Agriculture
|v Juvenile literature.
|
| 650 |
|
1 |
|a Agriculture.
|
| 650 |
|
1 |
|a Farms.
|
| 999 |
|
|
|a MARS
|
| 999 |
f |
f |
|s 62e9ee64-5cf3-32ab-8dfa-0d6fb4d1869c
|i 197e9e67-6908-31bc-a230-06f461e96f15
|t 0
|
| 952 |
f |
f |
|p normal
|a Texas A&M University
|b College Station
|c Sterling C. Evans Library
|d Evans: Curriculum Collection (4th floor)
|t 0
|e S519 .F7 1983
|h Library of Congress classification
|i unmediated -- volume
|m A14808506942
|
| 998 |
f |
f |
|a S519 .F7 1983
|t 0
|l Evans: Curriculum Collection (4th floor)
|